00585cam a2200193 a 450000100100000000500170001000800410002702000150006804000250008308200240010810000250013224500790015725000110023626000400024730000210028765000300030865000330033870000200037100001499720200929163933.0830709s1979 mx 000 0 spa  a9682300320 aDO-SdBNPbspacBNPHU a791.43bS684c, 19791 aSolanas, Fernando E.10aCine, cultura y descolonización /cFernando E. Solanas y Octavio Getino. a3a ed. aMéxico :bSiglo Veintiuno,c1979. a204 p. ;c18 cm. 4aCinexHistoriazArgentina 4aCine y políticazArgentina1 aGetino, Octavio